| 000 | 00773nam a2200229 a 4500 | ||
|---|---|---|---|
| 005 | 20240113063632.0 | ||
| 008 | 991125s1974 es 000 0 spa u | ||
| 020 | _a8472222675 | ||
| 035 | _aUPN01000004977 | ||
| 049 | _aCG | ||
| 050 | 4 |
_aP90 _bC3.28 |
|
| 100 | 1 | _aCarpenter, Edmund | |
| 245 | 1 | 3 |
_aEl aula sin muros : _binvestigaciones sobre técnicas de comunicación / _cEdmund Carpenter, Marshall Mcluhan ; tr. Luis Carandell. |
| 260 |
_aBarcelona [Esp.] : _bLaia, _c1974. |
||
| 300 | _a266 p. | ||
| 440 | 0 |
_aEdiciones de bolsillo ; _v344 |
|
| 590 | _a(También localizas un ejemplar en el "Area de Reserva") | ||
| 590 | _aBibliografía Básica (BGTQ) | ||
| 650 | 4 |
_aComunicación _99285 |
|
| 700 | 1 |
_aMcLuhan, Marshall, _d1911-1980 _ecoaut. _931138 |
|
| 905 | _aLibro | ||
| 999 |
_c4977 _d4977 |
||